000 00693nam a2200205 i 4500
001 176955
003 ES-MaACL
005 20250728050424.0
008 110221s2004 xr |||| | cze d
080 _a316.7(8)
245 0 0 _aDruhý breh Západu
_b: výbor iberoamerických eseju /
_cusporádala a úvod napsala Anna Housková.
260 _a[Praga] :
_bMladá Fronta,
_ccop. 2004.
300 _a371 p. ;
_c21 cm.
504 _aBibliografía: p. 348-371.
546 _aTexto en checo.
651 4 _aAmérica Latina-
_xCivilización
_97742
700 1 _aHousková, Anna.
_9145292
852 _aES-MaACL
_jE-14378
_z.- Dedicatoria autógrafa de Anna Housková
999 _c176955
_d176955